| 000 | 00000nas##2200000za#4500 |
| 001 | 9.515059 |
| 003 | CaOODSP |
| 005 | 20200331212401 |
| 007 | ta |
| 008 | 150406c2002||||xxc|| m #||||f| |0eng|d |
| 040 | |aCaOODSP|beng |
| 043 | |an-cn--- |
| 086 | 1 |aEn40-238E |
| 110 | 1 |aCanada.|bEnvironment Canada. |bGreenhouse Gas Division. |
| 245 | 10|aCanada's greenhouse gas inventory factsheet / |cIssued by the Greenhouse Gas Division. |
| 260 | |aOttawa - Ontario : |bEnvironment Canada. |c2002. |
| 500 | |a"GHG trends information from Environment Canada's Greenhouse Gas Division" |
| 563 | |aPamphlet |
| 690 | 07|aGreenhouse gases|2gcpds |
| 690 | 07|aMeasurement|2gcpds |
| 690 | 07|aTrends|2gcpds |
| 775 | 08|tInventaire des gaz à effet de serre du Canada fiche / |w(CaOODSP)9.513395 |
| 776 | 0#|tCanada's greenhouse gas inventory factsheet / |w(CaOODSP)9.504500 |